| 000 | 00511nam a2200181Ia 4500 | ||
|---|---|---|---|
| 003 | GCL | ||
| 008 | 140319s9999 xx 000 0 ara d | ||
| 040 |
_aGCL / _cGCL |
||
| 082 | 0 | 4 |
_a810.8 _bا ح |
| 100 | 1 | _aاحمد سويلم | |
| 245 | 1 | 0 |
_aحكمة الاجداد: 30 حكمة, 30 حكاية, 30 قصيدة / _cاحمد سويلم |
| 300 | _a166 | ||
| 490 |
_aكتاب _v0 |
||
| 650 | 0 | 4 | _aالادب العربى |
| 650 | 0 | 4 | _aالعصر الحديث |
| 650 | 0 | 4 | _aالمجموعات |
| 942 |
_2ddc _cBK |
||
| 999 |
_c42571 _d42571 |
||